Informatizácia ako jeden z pilierov novej ekonomiky
Informatizácia a jej procesy prebiehajúce v spoločnosti. Informatizácia je dôležitou zložkou transformácie ekonomiky i celej spoločnosti. Informačné a komunikačné technológie sú hlavný akcelerátor pre čo najrýchlejšie napĺňanie cieľov lisabonskej stratégie EÚ. Hlavné priority informatizácie v európs...
Salvato in:
| Autore principale: | |
|---|---|
| Natura: | Capitolo di libro |
| Lingua: | slovacco |
| Soggetti: | |
| Tags: |
Nessun Tag, puoi essere il primo ad aggiungerne!!
|
MARC
| LEADER | 00000nla$a2200000$$$4500 | ||
|---|---|---|---|
| 001 | 0068169 | ||
| 005 | 20240502071824.9 | ||
| 041 | 0 | |a slo | |
| 044 | |a SK | ||
| 245 | 1 | 0 | |a Informatizácia ako jeden z pilierov novej ekonomiky |c Ladislav Bažó |
| 520 | |a Informatizácia a jej procesy prebiehajúce v spoločnosti. Informatizácia je dôležitou zložkou transformácie ekonomiky i celej spoločnosti. Informačné a komunikačné technológie sú hlavný akcelerátor pre čo najrýchlejšie napĺňanie cieľov lisabonskej stratégie EÚ. Hlavné priority informatizácie v európskej spoločnosti, a na základe vybraných ukazovateľov porovnávanie miery informatizácie v jednotlivých krajinách Európskej únie. | ||
| 610 | 2 | 0 | |a ekonomika nová |
| 610 | 2 | 0 | |a informatizácia |
| 610 | 2 | 0 | |a Slovensko |
| 610 | 2 | 0 | |a spoločnosť informačná |
| 610 | 2 | 0 | |a konkurencieschopnosť |
| 100 | 1 | |a Bažó, Ladislav, 1980- | |